Normalien-Nachschlagebuch für Lehrer und Direktoren der österreich. öffentlichen Gymnasien /

Hlavní autor: Matauschek, Timotheus Anton
Jazyk: Němčina
Vydáno: Prag : Bellmann, 1857
Témata:
Fyzický popis: 1 sv.
Knihy
Uloženo v:
LEADER 00744nam a2200217 a 4500
001 000682593
003 CZ BrMZK
005 20030819105855.0
007 ta
008 030819s1857 xr f ger d
040 |a BOA001  |b cze  |c BOA001 
100 1 |a Matauschek, Timotheus Anton  |7 mzk2009544584  |4 aut 
245 1 0 |a Normalien-Nachschlagebuch für Lehrer und Direktoren der österreich. öffentlichen Gymnasien /  |c Timotheus Anton Matauschek 
260 |a Prag :  |b Bellmann,  |c 1857 
300 |a 1 sv. 
500 |a + Supplement-Heft zur 3. Aufl. 1869. 130 s. 
910 |a BOA001  |b 2-0034.291 
964 |a Bohemika - stol. 19. 
990 |a BK 
993 |a Y 
996 6 |b BC-110722  |c 2-0034.291  |l MZK  |r Sklad / do 24 hodin  |n 0  |w 000682593  |u 000020  |a 1  |e BOA001  |j MZK50  |s P